История России #29: Первая русская революция - Statistics

General Stats
  • This quiz has been taken 27 times
    23 since last reset
  • The average score is 15 of 42
Answer Stats
Вопрос Ответ % Correct
Наследник престола, сын Николая II Алексей Николаевич
79%
Руководитель Севастопольскоговосстания 1905 года П.П. Шмидт
57%
Месяц начала всеобщей политическойстачки Октябрь
57%
Название членов партии конституционных демократов Кадеты
57%
Город, в котором был убит председательсовета министров Киев
57%
Жена Николая II Александра Федоровна
57%
Террорист, член боевой организацииэсеров, ее руководитель после разоблачения Е.Ф. Азефа Б.В. Савинков
50%
Начало аграрной реформы 1906
50%
Окончательное формирование Антанты,русско-английское соглашение 1907
50%
Празднование 300-летия династииРомановых 1913
50%
Событие, послужившее символическимначалом революции Кровавоевоскресенье
50%
Корабль, на котором произошло первоевосстание моряков военного флота Броненосец "Потемкин"
50%
Глава Русского народного союза имениМихаила Архангела В.М. Пуришкевич
43%
Боснийский кризис 1908
43%
Город, в котором возник первый советрабочих Иваново-Вознесенск
43%
Корабль, ставший центром Севастопольского восстания 1905 года Крейсер "Очаков"
43%
Город, в котором распущенные депутатыДумы I созыва подписали воззвание Выборг
36%
Дата издания манифеста, ставшегоитогом Первой русской революции 17.10.1905
36%
Учреждение Государственной Думы с точностью до месяца Август 1905
36%
Вооруженное восстание в Москве с точностью до месяца Декабрь 1905
36%
Убийство председателя совета министров 1911
36%
Председатели Государственной ДумыIII созыва Н.А. Хомяков,А.И. Гучков, М.В. Родзянко
36%
Министр внутренних дел, допустившийЗемский съезд 1904 года П.Д. Святополк- Мирский
36%
Предприятие, со стачек на которомначались массовые волнения в 1905 Путиловскийзавод
36%
Министр внутренних дел, составившийпервый проект Государственной думы А.Г. Булыгин
29%
Члены Думы, объединенныевнепартийной организацией, вторые по численности в 1-й и 2-й Думе Трудовики
29%
Председатель Государственной думыI созыва С.А. Муромцев
29%
Председатель совета министров,распустивший Думу II созыва П.А. Столыпин
29%
Убийца председателя совета министров Д.Г. Богров
29%
Министр иностранных дел в 1906-1910 А.П. Извольский
29%
Расположение земельных участков,делающее крестьянское хозяйство неэффективным Чересполосица
29%
Введение русских войск в Персию 1909
29%
Представители партии чиновников,предпринимателей и землевладельцев Октябристы
21%
Бывший министр внутренних дел, членГоссовета, агитация которого против председателя привела к кризису 1911 П.Н. Дурново
21%
Черносотенная монархическая партия Союз русскогонарода
21%
Закон, принятие которого вызвалоострый политический кризис в 1911 О земстве в западных губерниях
21%
Де-факто первая конституция России Основныегосударственные законы
21%
Лидеры парламентской организации,ставшей второй по влиянию в 1 и 2-й Думе после конституционных-демократов А.Ф. Аладьин,И.В. Жилкин, С.В. Аникин
14%
Либеральное объединение, сыгравшееключевую роль в ходе революции Союз союзов
7%
Представители движения, стремившиеся к децентрализации Российской империи и федерализму Автономисты
7%
Автор итогового проекта Государственной думы С.Е. Крыжановский
7%
Министр финансов, председатель совета министров в 1911-1914 В.Н. Коковцев
0%
No matching quizzes found
Score Distribution
Percent of People with Each Score
Percentile by Number Answered
Your Score History
You have not taken this quiz since the last reset